00892nam a2200241Ia 450000500170000000800410001702000150005804100080007308200160008110000340009724501480013125000220027926400260030130000330032733600270036033700330038733800280042065000410044865000320048965000530052165000410057404000350061520220316235217.0121119s1998 ck a gr 000 0 spa  a958906194X0 aspa04a321.8bA38i1 aAguilera Peña, Mariod1955-10aIdeal democrático y revuelta popularbbosquejo histórico de la mentalidad política popular en Colombia, 1781-1948 cMario Aguilera Peña aPrimera edición 1aBogotábCerecc1998 a259 páginasbilustraciones atextobtxt2rdacontent asin mediaciónbn2rdamedia avolumenbnc2rdacarrier142LEMBaDemocracia xAspectos sociales142LEMBaIdeologíaxHistoria142LEMBaCambio socialvEnsayos, conferencias, etc.142LEMBaPartidos políticoszColombia aCO-BoRNBPbspaerdacCO-BoRNBP